Catálogo
 En Linea

Situación de la infancia en américa latina y el caribe / (Registro nro. 21401)

Detalles MARC
000 -CABECERA
campo de control de longitud fija 00543nam a2200157 a 4500
001 - NÚMERO DE CONTROL
campo de control 000021903
005 - FECHA Y HORA DE LA ÚLTIMA TRANSACCIÓN
campo de control 20210420113209.0
008 - DATOS DE LONGITUD FIJA--INFORMACIÓN GENERAL
campo de control de longitud fija 100914s1979 cl ad r 000 0 spa d
040 ## - FUENTE DE LA CATALOGACIÓN
Centro catalogador/agencia de origen DO-SdBNP
Lengua de catalogación spa
Centro/agencia transcriptor BNPHU
082 ## - NÚMERO DE LA CLASIFICACIÓN DECIMAL DEWEY
Número de clasificación xxxx
Número de documento/Ítem S623i
049 ## - FONDOS LOCALES (OCLC)
Fondos de biblioteca BNGR
110 ## - ENTRADA PRINCIPAL--NOMBRE DE ENTIDAD CORPORATIVA
Nombre de entidad corporativa o nombre de jurisdicción como elemento de entrada Fondo de las Naciones Unidas para la Infancia
9 (RLIN) 9270
245 10 - MENCIÓN DE TÍTULO
Título Situación de la infancia en américa latina y el caribe /
Mención de responsabilidad, etc. coordinación Juan Pablo Terra.
260 ## - PUBLICACIÓN, DISTRIBUCIÓN, ETC.
Lugar de publicación, distribución, etc. Santiago, Chile :
Nombre del editor, distribuidor, etc. Fondo de las Naciones Unidas para la Infancia,
Fecha de publicación, distribución, etc. 1979.
300 ## - DESCRIPCIÓN FÍSICA
Extensión 630 p. ;
Dimensiones 25 cm.
Existencias
Estado de retiro Estado de pérdida Restricciones de uso No para préstamo Código de colección Localización permanente Ubicación/localización actual Ubicación en estantería Fecha de adquisición Número de inventario Total de préstamos Signatura topográfica completa Código de barras Fecha visto por última vez Precio válido a partir de Tipo de ítem Koha
        Monografías: Libros y Folletos General General En catalogación 14.09.2010 LF1   xxxx S623i 21903-10 25.06.2020 25.06.2020 Préstamo en sala

Con tecnología Koha